Responses for show #4251 - Monday, February 10, 2003

2003 Teen Tournament semifinal game 1.

Contestants

[<< previous game]

Tara Karr, a senior from Laclede, Idaho

Anthony Valente, a senior from Staten Island, New York

John Matthews, a senior from Escondido, California

[next game >>]

Jeopardy! Round responses

COLONIAL AMERICA
STRIKE UP THE BAND
PARADISE LOST
DISNEY FILM VOICES
4-LETTER VERBS
FRENCH CLASS: POTPOURRI
    $200 6
(Anthony: Who is Benjamin Franklin?)

George Washington

JohnAnthony
    $200 1
accordion

Tara
    $200 26
John Milton

Anthony
    $200 21
(Anthony: What is Snow White and the Seven Dwarfs?)

Snow White

Anthony
    $200 16
tail

Tara
    $200 11
French Toast

Triple Stumper
    $400 7
(Alex: Anthony, now is the time to ring in with [*]!)

Benjamin Franklin

Triple Stumper
    $400 2
piccolo

John
    $400 27
angel

Anthony
    $400 22
Monsters, Inc.

John
    $400 17
fall

Triple Stumper
    $400 12
revolution

Anthony
    $600 8
The Mayflower Compact

John
    $600 3
tuba

John
    $600 28
apple of the Tree of Knowledge

Triple Stumper
    $600 23
the Cheshire Cat

Tara
    $600 18
sack

John
    $600 13
(Tara: Who is Napoleon?)

Abraham Lincoln

Tara
Triple Stumper
    $800 9
(John: What is Pennsylvania?)
(Tara: What is Rhode Island?)

Delaware

JohnAnthonyTara
    $800 4
saxophone

John
    $800 29
Leviathan

Tara
    $1,000 24
(Alex: We have a minute to go in the round.)

Mulan

Tara
    $800 19
walk

Tara
    $800 14
French Stewart

Anthony
    $1000 10
Cumberland Gap

Triple Stumper
    $1000 5
sitar

Anthony
    $1000 30
serve in Heaven

Anthony
    $1000 25
Powhatan

Anthony
    $1000 20
mist

Anthony
    $1000 15
(Tara: What is Chateau d'If?)

Devil's Island

Tara
Triple Stumper

Scores at the first commercial break (after clue 15):

John Anthony Tara
$1,800 $2,800 -$2,200

Scores at the end of the Jeopardy! Round:

John Anthony Tara
$2,800 $6,600 $1,200

Double Jeopardy! Round responses

ANCIENT HISTORY
OFFICIAL LANGUAGES
SCIENCE & NATURE
SCORPIOS
THINKING ABOUT COLLEGE
(Alex: And most of our students are.)
FRENCH CLASS: THE BODY
    $400 4
China

John
    $400 2
Spanish

Anthony
    $400 1
wavelength

Anthony
    $400 26
Sammy Sosa

John
    $400 13
Honolulu

Tara
    $400 21
elbows

Anthony
    $800 5
Nero

Anthony
    $800 3
English

Tara
    $800 12
Africa

John
    $800 27
Jeff Probst

John
    $800 17
LeVar Burton

John
    $800 22
talk with your mouth full

Anthony
    $1200 8
Alexander the Great

Anthony
    $1200 6
(Anthony: What is French?)

Arabic

Anthony
Triple Stumper
    $1200 14
metals

Anthony
    $1200 28
Rebecca Romijn

Tara
    $1200 18
(John: What is UVA?)

William and Mary

JohnAnthony
    $1200 23
tete-a-tete

Anthony
    $2,400 9
the Peloponnesian War

Anthony
    $1600 7
(Anthony: What is Russian?)

Swedish

AnthonyTara
    $1600 15
pores

Anthony
    $1600 29
Hillary Rodham Clinton

John
    $3,000 19
(Alex: He founded the state.)

Georgia

Anthony
    $1600 24
nose

Anthony
    $2000 10
Herculaneum

Anthony
    $2000 11
Dutch

Triple Stumper
    $2000 16
adenosine

John
    $2000 30
Dan Rather

John
    $2000 20
Cornell

Anthony
    $2000 25
(Alex: Well, you're not only good in science, you're good in French & a lot of other subjects as well!)

derriere

Anthony

Scores at the end of the Double Jeopardy! Round:

John Anthony Tara
$10,400 $26,000 $5,200
(lock game)

[wagering suggestions for these scores]

Final Jeopardy! Round responses

WORLD GEOGRAPHY
(Alex: The city is La Paz, Bolivia.)
TaraWhat are the Rockies?
$5,200
JohnWhat are the Andes?
$10,400
AnthonyWhat are The Andes?
$5,000
the Andes

Final scores:

John Anthony Tara
$20,800 $31,000 $0
2nd place: $5,000 Finalist 3rd place: $5,000

Game dynamics:

Coryat scores:

John Anthony Tara
$10,400 $23,800 $5,000
15 R,
2 W
26 R
(including 2 DDs),
3 W
10 R
(including 1 DD),
3 W

Combined Coryat: $39,200

The J! Archive is created by fans, for fans. Scraping, republication, monetization, and malicious use prohibited; this site may use cookies and collect identifying information. See terms. The Jeopardy! game show and all elements thereof, including but not limited to copyright and trademark thereto, are the property of Jeopardy Productions, Inc. and are protected under law. This website is not affiliated with, sponsored by, or operated by Jeopardy Productions, Inc. Join the discussion at JBoard.tv.